| 000 | 01137nam a22002657a 4500 | ||
|---|---|---|---|
| 005 | 20240530110553.0 | ||
| 008 | 160730s2013 ua ||||g b 00| 0 ara d | ||
| 017 |
_a2012/23451 _bمصر. دار الكتب الوطنية |
||
| 020 | _a9789773832685 | ||
| 040 | _aEG-CaGPL | ||
| 082 | 0 | 4 |
_a327.52051/ _bم ي _221 |
| 100 | 0 | _aمحمود عبدالرشيد احمد ابو الخير | |
| 245 | 1 | 2 |
_aاليابان و الصين : _bخمسون عاما من الصراع / _cمحمود عبدالرشيد احمد ابو الخير. |
| 250 | _aط .1. | ||
| 260 |
_aالقاهرة : _bايتراك للطباعة والنشر والتوزيع، _c2013. |
||
| 300 |
_a214 ص.؛ _c24 سم. |
||
| 504 | _aببليوجرافية : ص. 200-212. | ||
| 650 | 0 | 7 |
_aمعاهدة شيمونوسيكى _y1895. م |
| 651 | 0 | 7 |
_aاليابان _xتاريخ _yالعصر الحديث |
| 651 | 0 | 7 |
_aاليابانية _xالحرب _zالصينية |
| 651 | 0 | 7 |
_aالصين _xتاريخ _yالعصر الحديث |
| 651 | 0 | 7 |
_aاليابان _xعلاقات خارجية _zالصين |
| 942 |
_2ddc _cBK |
||
| 999 |
_c62504 _d62504 |
||